000 00842nam a22002415i 4500
001 176586
003 ES-MaACL
005 20251115063318.0
008 110125s1953 sp a |||| | spa d
080 _a821.134.2-22"19"
100 1 _aMuñoz Seca, Pedro,
_d1881-1936
_984499
245 1 4 _aLos sabios
_b: comedia en tres actos /
_coriginal de Pedro Muñoz Seca.
260 _aMadrid :
_b[s. n.,
_c1953?]
300 _a75 p. ;
_c17 cm.
490 1 _aBiblioteca teatral ;
_v171
500 _aAnteportada ilustrada.
500 _aEn port. : Estrenada en el Teatro de la Comedia, el día 30 de septiembre de 1924.
500 _aEncuadernado con otros títulos.
597 _aEn el lomo: 168-173.
830 0 _aBiblioteca teatral ;
_v171
_9190120
852 _aES-MaACL
_jE-14128 (171)
_xOlim P-302
999 _c176586
_d176586